| Registos Bibliográficos associados ao registo de autoridade |
|
Etiqueta de registo: 00254nam 2200025 450 001 2279731 003 http://id.bnportugal.gov.pt/bib/catbnp/2279731 100 ## $a20260312d2026 k y0pory01030103ba 101 0# $aeng$dpor 102 ## $aPT 105 ## $aa m 000yy 106 ## $ar 200 1# $a O potencial dos subprodutos da indústria de arroz e da batata para desenvolver bioplásticos
ativos biodegradáveis$d The potential of rice and potato industry byproducts to develop biodegradable active
bioplastics$fPaulo David Martins Brites$gorient. José Martinho Marques de Oliveira, Idalina José Monteiro Gonçalves, Amparo
López-Rubio$zeng 210 #9 $aAveiro,$c[s.n.],$d2026 215 ## $a[14], XIV, 213 p.$cil.$d30 cm 328 #1 $aTese dout. Ciência e Engenharia de Materiais, Universidade de Aveiro, 2026 510 1# $a The potential of rice and potato industry byproducts to develop biodegradable active
bioplastics$zeng 675 ## $a678.5(043)$vBN$zpor$3556630 675 ## $a631.57(043)$vBN$zpor$31417584 675 ## $a620.171(043)$vBN$zpor$31386952 700 #1 $aBrites,$bPaulo David Martins$31991045 702 #1 $aOliveira,$bJosé Martinho Marques de$4727$31000743 702 #1 $aGonçalves,$bIdalina José Monteiro$4727$31641053 702 #1 $aLópez-Rubio,$bAmparo$4727$31991047 801 #0 $aPT$bBN$gRPC 966 ## $lBN$mFGMON$sS.A. 193512 V.$x1 972 ## $e0$z0$d20260416$vlrevez 973 ## $ctrodrigues$d20260413
|
|
|